000 00975nam a2200229 a 4500
001 000009627
003 AM-YEHGA
005 20250618070716.0
008 030211s1969 ai 000 | arm d
040 _aAM-YeHGA
041 0 _aarm
110 2 _aԳրականության և արվեստի թանգարան
245 1 0 _aՈւղեցույց Գրականության և արվեստի թանգարանի երաժշտական ֆոնդերի /
_cԿազմ.՝ Ք. Գրիգորյան ; ՀՍՍՀ Կուլտ. մինիստր., ԳԱԹ.
260 _aԵրևան :
_bԱ. հ.,
_c1969.
300 _a121 էջ ;
_c20 սմ.
504 _aՄատենագիտ. տողատ. ծանոթ. և ցանկեր՝ էջ 97-118
650 1 4 _aԳրականագիտություն
_vՈւղեցույց
700 1 _aԳրիգորյան, Քնարիկ Գևորգի,
_d1920-1999
_eկազմ.
_4com
_99049
710 2 _aԿուլտուրայի մինիստրություն ՀՍՍՀ
942 _cBK
090 _c2337
999 _c2315
_d2315